000
00357nam a2200169Ia 4500
008
210210b1934 xxu||||| |||| 00| 0 eng d
041
_a
eng
082
_a
444/389
100
_a
VILLON
245
_a
Poesies choisies
260
_a
Paris
_b
-
_c
1934
650
_a
Poesies
650
_a
choisies
690
_a
French
700
_a
MAROT
906
_a
006584
999
_c
129573
_d
129573